[Event "Kandidatklassen"]
[Site "Koge"]
[Date "2004.04.06"]
[Round "1"]
[White "Mikkelsen, Nikolaj"]
[Black "Pedersen, Christian Kyndel"]
[Result "0-1"]
[WhiteElo "2211"]
[BlackElo "2343"]
[PlyCount "64"]
[EventDate "2004.04.06"]
[EventType "swiss"]
[EventRounds "7"]
[EventCountry "DEN"]

1. e4 c6 2. d4 d5 3. Nc3 dxe4 4. Nxe4 Nd7 5. Bc4 Ngf6 6. Ng5 e6 7. Ne2 Nb6 8.
Bb3 c5 9. a4 h6 10. Nf3 Be7 11. O-O O-O 12. Bd2 c4 13. Ba2 Nxa4 14. b3 cxb3 15.
Bxb3 Nb6 16. Ba5 Bd7 17. c4 Qb8 18. Ne5 Bc6 19. Qd3 Be4 20. Qg3 Nbd7 21. Nxd7
Nxd7 22. Bc7 Qc8 23. Nc3 Bg6 24. Rfe1 Bh4 25. Qxh4 Qxc7 26. d5 Nc5 27. Bd1 Rfe8
28. Nb5 Qb6 29. d6 Red8 30. Bh5 Bxh5 31. Qxh5 a6 32. Rab1 Rac8 0-1

[Event "Kandidatklassen"]
[Site "Koge"]
[Date "2004.04.06"]
[Round "1"]
[White "Lund, Silas"]
[Black "Rud, Morten Topholm"]
[Result "1-0"]
[WhiteElo "2305"]
[BlackElo "2190"]
[PlyCount "77"]
[EventDate "2004.04.06"]
[EventType "swiss"]
[EventRounds "7"]
[EventCountry "DEN"]

1. d4 e6 2. c4 f5 3. g3 Nf6 4. Bg2 d5 5. Nh3 c6 6. O-O Bd6 7. Bf4 Be7 8. Qc2
O-O 9. Nd2 Nh5 10. Nf3 h6 11. Ne5 Qe8 12. Rad1 Nd7 13. Nxd7 Bxd7 14. Be5 Nf6
15. f3 c5 16. Nf4 dxc4 17. Qxc4 b5 18. Qc1 Rc8 19. Nd3 cxd4 20. Qd2 Nd5 21.
Bxd4 f4 22. gxf4 Qh5 23. e4 Rc4 24. Be5 Nf6 25. b3 Rcc8 26. Bd4 a5 27. Rc1 Ba3
28. Rxc8 Rxc8 29. Qxa5 b4 30. Qxh5 Nxh5 31. Bh3 Rc2 32. Rf2 Rc6 33. Bc5 Nxf4
34. Nxf4 Rxc5 35. Bxe6+ Bxe6 36. Nxe6 Re5 37. Nf4 Bc1 38. Nd5 Rg5+ 39. Kf1 1-0

[Event "Kandidatklassen"]
[Site "Koge"]
[Date "2004.04.06"]
[Round "1"]
[White "Strange, Mikkel"]
[Black "Aabling Thomsen, Jakob"]
[Result "1/2-1/2"]
[WhiteElo "2241"]
[BlackElo "2074"]
[PlyCount "80"]
[EventDate "2004.04.06"]
[EventType "swiss"]
[EventRounds "7"]
[EventCountry "DEN"]

1. e4 c5 2. Nf3 Nf6 3. Nc3 Nc6 4. d4 d5 5. exd5 Nxd5 6. Nxd5 Qxd5 7. Be3 cxd4
8. Nxd4 a6 9. Be2 e5 10. Nxc6 Qxc6 11. O-O Be6 12. c4 Be7 13. Qc2 O-O 14. Bf3
Qc7 15. Rac1 Rac8 16. c5 f5 17. b4 Rf6 18. Bg5 Rg6 19. Bxe7 Qxe7 20. g3 e4 21.
Bg2 Qf7 22. a3 Rh6 23. Qe2 Kh8 24. Rfd1 Bb3 25. Rd4 Ba4 26. Qd2 Re6 27. Bf1
Ree8 28. Bc4 Qe7 29. Qf4 e3 30. fxe3 Qxe3+ 31. Qxe3 Rxe3 32. Bd5 Rd8 33. Rcc4
Rde8 34. Bxb7 Re1+ 35. Kf2 g5 36. Rd2 Bb5 37. Rcc2 Rf1+ 38. Kg2 g4 39. a4 Ree1
40. axb5 Rg1+ 1/2-1/2

[Event "Kandidatklassen"]
[Site "Koge"]
[Date "2004.04.06"]
[Round "1"]
[White "Pedersen, Jan Nordenbaek"]
[Black "Korolev, Nikolaj"]
[Result "1/2-1/2"]
[WhiteElo "2219"]
[BlackElo "2031"]
[PlyCount "116"]
[EventDate "2004.04.06"]
[EventType "swiss"]
[EventRounds "7"]
[EventCountry "DEN"]

1. e4 c5 2. Nf3 Nc6 3. Bb5 g6 4. O-O Bg7 5. Bxc6 dxc6 6. d3 e5 7. Be3 Qe7 8. h3
Nf6 9. Nc3 O-O 10. Qd2 Bd7 11. a3 b6 12. Bg5 Rad8 13. Qe3 Qd6 14. Ne2 Be6 15.
Rfd1 Rd7 16. b4 cxb4 17. axb4 Nh5 18. g4 Nf4 19. Nxf4 exf4 20. Bxf4 Qxb4 21.
Ne5 g5 22. Bg3 Bxe5 23. Bxe5 f6 24. Rdb1 Qe7 25. Bb2 c5 26. Rf1 h6 27. f4 Kh7
28. fxg5 fxg5 29. Qg3 Bg8 30. Rxf8 Qxf8 31. Rf1 Rf7 32. Rf5 Qe7 33. Qb8 Qc7 34.
Rxf7+ Qxf7 35. Qe5 Kg6 36. Kg2 a6 37. Bc3 h5 38. h4 hxg4 39. Qxg5+ Kh7 40. Qxg4
Qg6 41. Kf3 Qxg4+ 42. Kxg4 Ba2 43. d4 cxd4 44. Bxd4 Bb1 45. c4 Bd3 46. Bxb6
Bxc4 47. Kg5 Bb3 48. Ba5 Bc4 49. Bd2 Bb5 50. Kf6 Ba4 51. e5 Bb5 52. e6 Ba4 53.
Kf7 Bb5 54. e7 Bc6 55. h5 a5 56. e8=Q Bxe8+ 57. Kxe8 a4 58. Kf7 a3 1/2-1/2

[Event "Kandidatklassen"]
[Site "Koge"]
[Date "2004.04.06"]
[Round "1"]
[White "Willumsen, Niels Henrik"]
[Black "Christensen, Bo Garner"]
[Result "0-1"]
[WhiteElo "2138"]
[BlackElo "2297"]
[PlyCount "116"]
[EventDate "2004.04.06"]
[EventType "swiss"]
[EventRounds "7"]
[EventCountry "DEN"]

1. e4 e5 2. Nf3 Nc6 3. Bb5 a6 4. Ba4 Nf6 5. O-O Be7 6. Re1 b5 7. Bb3 O-O 8. c3
d5 9. exd5 e4 10. dxc6 exf3 11. d4 Bd6 12. g3 Re8 13. Bg5 Rxe1+ 14. Qxe1 Bg4
15. Nd2 Qe8 16. Bxf6 gxf6 17. Qe4 f5 18. Qe3 f4 19. Qe4 Kh8 20. Re1 Qxe4 21.
Rxe4 f5 22. Re1 fxg3 23. fxg3 b4 24. Bd5 bxc3 25. bxc3 f4 26. Bxf3 Bxf3 27.
Nxf3 fxg3 28. Ne5 gxh2+ 29. Kh1 Rf8 30. Nc4 Bg3 31. Rb1 Rf2 32. d5 Rc2 33. d6
Rxc3 34. d7 Bh4 35. Ne5 Kg7 36. Rf1 Rc2 37. Rf7+ Kg8 38. Rf4 Be7 39. Ng4 Rxc6
40. Rd4 Rd6 41. Rxd6 cxd6 42. Nh6+ Kg7 43. Nf5+ Kf6 44. Nxd6 Ke6 45. d8=Q Bxd8
46. Ne4 Kd5 47. Nd2 Bc7 48. Nb3 Kc4 49. Kg2 Kb4 50. Kh1 Bd6 51. Nd2 Bf4 52. Ne4
h6 53. Nf6 Ka3 54. Nd5 Bd6 55. Nc3 Kb2 56. Ne4 Bb4 57. a4 Kb3 58. a5 Ka4 0-1

[Event "Kandidatklassen"]
[Site "Koge"]
[Date "2004.04.06"]
[Round "1"]
[White "Skjoldan, Benjamin"]
[Black "Damm, Kasper Wilken"]
[Result "0-1"]
[WhiteElo "2025"]
[BlackElo "2216"]
[PlyCount "102"]
[EventDate "2004.04.06"]
[EventType "swiss"]
[EventRounds "7"]
[EventCountry "DEN"]

1. d4 Nf6 2. c4 c5 3. d5 g6 4. Nc3 Bg7 5. g3 d6 6. Bg2 O-O 7. Nf3 e6 8. O-O
exd5 9. cxd5 Na6 10. Nd2 Nc7 11. a4 b6 12. Rb1 Ba6 13. Re1 Re8 14. Qc2 Ng4 15.
h3 Ne5 16. Rd1 f5 17. b4 cxb4 18. Rxb4 Bb7 19. a5 Na6 20. Rb1 Rc8 21. axb6 Nd7
22. Bb2 Nxb6 23. Nf1 Re7 24. Rbc1 Nc5 25. Ba1 Ba6 26. Ne3 Qe8 27. Qa2 Bh6 28.
Qb2 Bg7 29. Qa2 Rcc7 30. Nb1 Bxa1 31. Qxa1 Bxe2 32. Re1 Nb3 33. Rxc7 Nxa1 34.
Rxe7 Qxe7 35. Rxe2 Nc4 36. Nc3 Nxe3 37. Rxe3 Qc7 38. Ne2 Qb6 39. Rc3 a5 40. Rc6
Qb4 41. Nf4 a4 42. Ne6 h6 43. f4 Nb3 44. Kh2 Qa5 45. Rxd6 a3 46. Rd8+ Qxd8 47.
Nxd8 a2 48. d6 a1=Q 49. Bd5+ Kh7 50. Ne6 Qb2+ 51. Bg2 Nd4 0-1

[Event "Kandidatklassen"]
[Site "Koge"]
[Date "2004.04.06"]
[Round "1"]
[White "Hansen, Lars"]
[Black "Nielsen, Nicholas Roland"]
[Result "1-0"]
[WhiteElo "2267"]
[BlackElo "2134"]
[PlyCount "113"]
[EventDate "2004.04.06"]
[EventType "swiss"]
[EventRounds "7"]
[EventCountry "DEN"]

1. e4 c5 2. d3 Nc6 3. g3 g6 4. Bg2 Bg7 5. f4 d6 6. Nf3 e5 7. O-O Nge7 8. c3 O-O
9. Na3 Rb8 10. f5 gxf5 11. Nh4 f4 12. Qh5 Ng6 13. Nf5 Bf6 14. Nc4 Bxf5 15. exf5
d5 16. Nd2 Nge7 17. Nf3 Qd7 18. Bh3 Kh8 19. gxf4 Rg8+ 20. Kh1 e4 21. Ne5 Qe8
22. Ng4 Rxg4 23. Bxg4 exd3 24. Bd2 Ng8 25. Rf3 c4 26. Rh3 h6 27. Rg1 Qd7 28.
Bf3 Kh7 29. Rxg8 Kxg8 30. Qxh6 Bg7 31. Rg3 f6 32. Qxf6 Rf8 33. Qe6+ Qxe6 34.
fxe6 Ne7 35. Rg5 Rf6 36. Bg4 Kf8 37. Rh5 Bh6 38. Rxh6 Rxh6 39. f5 Rf6 40. Bg5
Kg7 41. Bxf6+ Kxf6 42. Kg2 Nxf5 43. Bxf5 Kxf5 44. e7 d2 45. e8=Q d1=Q 46. Kf2
b5 47. Qe2 Qxe2+ 48. Kxe2 d4 49. cxd4 Ke4 50. h4 Kxd4 51. h5 Ke5 52. Ke3 a6 53.
a3 Kf5 54. Kd4 Kg5 55. Kc5 Kxh5 56. Kb6 Kg4 57. Kxa6 1-0

[Event "Kandidatklassen"]
[Site "Koge"]
[Date "2004.04.06"]
[Round "1"]
[White "Smedemark, Henrik"]
[Black "Andreasen, Per Naesby"]
[Result "0-1"]
[WhiteElo "2081"]
[BlackElo "2266"]
[PlyCount "120"]
[EventDate "2004.04.06"]
[EventType "swiss"]
[EventRounds "7"]
[EventCountry "DEN"]

1. e4 g6 2. f4 Bg7 3. Nf3 d6 4. Be2 Nf6 5. d3 O-O 6. O-O c5 7. c3 c4 8. d4 Nxe4
9. Bxc4 Nd7 10. Qe1 Ndf6 11. Nbd2 Bf5 12. Nxe4 Bxe4 13. Ng5 d5 14. Be2 e6 15.
g4 h6 16. Nxe4 Nxe4 17. Bd3 f5 18. Bxe4 fxe4 19. Qg3 Kh7 20. Be3 Qe7 21. Qh3
Rf7 22. Rf2 b5 23. a3 a5 24. Raf1 Raf8 25. Kg2 Qd6 26. Kh1 b4 27. axb4 axb4 28.
Kg2 bxc3 29. bxc3 Qd7 30. Qg3 Qc7 31. Bd2 Qc4 32. Qh3 Qc8 33. Kh1 Rb7 34. Qe3
Rb2 35. Bc1 Rb3 36. Bd2 Qc4 37. Rg1 Qc8 38. h4 Rb2 39. h5 gxh5 40. gxh5 Rf5 41.
Rh2 Qe8 42. Qg3 Qf7 43. Qg6+ Qxg6 44. hxg6+ Kg8 45. Ra1 Rb7 46. Ra8+ Rf8 47.
Ra6 Rb1+ 48. Kg2 Rf6 49. f5 exf5 50. Rxf6 Bxf6 51. Bxh6 Rb2+ 52. Kg3 Rxh2 53.
Kxh2 Bh4 54. Kg2 Be1 55. c4 dxc4 56. d5 Bb4 57. Kf2 c3 58. Bc1 Kg7 59. Ke3 Bc5+
60. Kf4 Kxg6 0-1

[Event "Kandidatklassen"]
[Site "Koge"]
[Date "2004.04.06"]
[Round "1"]
[White "Leimand, Peter Martin"]
[Black "Glud, Jakob Vang"]
[Result "0-1"]
[WhiteElo "2074"]
[BlackElo "2221"]
[PlyCount "121"]
[EventDate "2004.04.06"]
[EventType "swiss"]
[EventRounds "7"]
[EventCountry "DEN"]

1. e4 e6 2. d4 d5 3. Nc3 dxe4 4. Nxe4 Nd7 5. Nf3 Ngf6 6. Bg5 Be7 7. Bxf6 Nxf6
8. Bd3 O-O 9. c3 b6 10. Qc2 h6 11. Nfd2 Bb7 12. f3 Nd5 13. Nc4 Nf4 14. Bf1 f5
15. Nf2 c5 16. O-O-O Qc7 17. dxc5 Qxc5 18. Re1 Bf6 19. Rg1 Bd5 20. Ne5 Qc7 21.
Nfd3 Nxd3+ 22. Nxd3 Qxh2 23. Be2 Qc7 24. Kb1 a5 25. f4 Qc4 26. a3 Be4 27. Ka1
b5 28. Rc1 Rfc8 29. Ne5 Bxc2 30. Nxc4 bxc4 31. Rxc2 Kf7 32. g4 fxg4 33. Bxg4
Rc5 34. Re2 e5 35. Bh5+ Ke6 36. f5+ Ke7 37. Rge1 Rd8 38. Re4 Kd6 39. Kb1 Kc6
40. Kc2 Kb5 41. Rd1 Rxd1 42. Bxd1 Bg5 43. Be2 a4 44. Bh5 Rd5 45. Be8+ Kc5 46.
Bf7 Bf4 47. Re2 Rd7 48. Be6 Rc7 49. Re1 Kd6 50. Re4 g6 51. Rxc4 Rxc4 52. Bxc4
gxf5 53. Bb5 h5 54. Kd3 h4 55. Ke2 Bc1 56. Bxa4 Bxb2 57. Bc2 e4 58. Ke3 Ke5 59.
a4 Bxc3 60. Kf2 f4 61. Bd1 0-1

[Event "Kandidatklassen"]
[Site "Koge"]
[Date "2004.04.07"]
[Round "2"]
[White "Leimand, Peter Martin"]
[Black "Willumsen, Niels Henrik"]
[Result "0-1"]
[WhiteElo "2074"]
[BlackElo "2138"]
[PlyCount "72"]
[EventDate "2004.04.06"]
[EventType "swiss"]
[EventRounds "7"]
[EventCountry "DEN"]

1. e4 c5 2. Nc3 Nc6 3. d3 d6 4. g3 g6 5. Bg2 Bg7 6. f4 e6 7. Nf3 Nge7 8. O-O
O-O 9. Be3 Nd4 10. e5 Nef5 11. Bf2 Nxf3+ 12. Qxf3 Nd4 13. Qd1 dxe5 14. fxe5
Bxe5 15. Ne4 Bg7 16. c3 f5 17. Nxc5 Nc6 18. Qb3 Na5 19. Qa4 e5 20. b4 Nc6 21.
Bxc6 bxc6 22. Qxc6 Rb8 23. Ne6 Qf6 24. Bxa7 Bxe6 25. Bxb8 Rxb8 26. b5 Rc8 27.
Qa6 Bf8 28. Rae1 Rxc3 29. d4 e4 30. Rf2 Bg7 31. a4 Bd5 32. Qa5 Qxd4 33. Qd8+
Bf8 34. g4 Rf3 35. Ref1 Rxf2 36. Rxf2 e3 0-1

[Event "Kandidatklassen"]
[Site "Koge"]
[Date "2004.04.07"]
[Round "2"]
[White "Nielsen, Nicholas Roland"]
[Black "Skjoldan, Benjamin"]
[Result "1/2-1/2"]
[WhiteElo "2134"]
[BlackElo "2025"]
[PlyCount "139"]
[EventDate "2004.04.06"]
[EventType "swiss"]
[EventRounds "7"]
[EventCountry "DEN"]

1. e4 c5 2. Nf3 e6 3. d4 cxd4 4. Nxd4 a6 5. Bd3 Bc5 6. Nb3 Be7 7. O-O d6 8. c4
b6 9. Nc3 Bb7 10. f4 Qc7 11. Kh1 Nd7 12. Be3 Ngf6 13. Qe2 g6 14. Nd2 h5 15. b4
Rd8 16. Rac1 Ng4 17. Bg1 g5 18. f5 Nge5 19. fxe6 fxe6 20. Bd4 g4 21. Qe3 Rb8
22. Na4 Ba8 23. Nb3 Rg8 24. Qe2 Nxd3 25. Qxd3 Qc6 26. Nc3 Bg5 27. Be3 Ne5 28.
Qd4 Be7 29. c5 bxc5 30. bxc5 Nd7 31. cxd6 Qxd6 32. Qa4 Bg5 33. Rfd1 Qc6 34.
Qxc6 Bxc6 35. Bxg5 Rxg5 36. Nd4 Bb7 37. Nxe6 Re5 38. Ng7+ Ke7 39. Nf5+ Ke8 40.
Nd6+ Ke7 41. Rb1 Bc6 42. Nf5+ Ke8 43. Rxb8+ Nxb8 44. Kg1 Nd7 45. Kf2 Rc5 46.
Rc1 Nf6 47. Ng3 Bxe4 48. Re1 Rxc3 49. Nxe4 Rc2+ 50. Kg3 Nxe4+ 51. Rxe4+ Kf7 52.
Ra4 Rc3+ 53. Kf4 Rc2 54. g3 Rxh2 55. Rxa6 h4 56. Kxg4 hxg3 57. Kxg3 Rb2 58. Kf3
Ke7 59. Ke3 Kd7 60. Kd3 Kc7 61. Kc3 Kb7 62. Ra4 Rh2 63. Rb4+ Ka6 64. Kb3 Ka5
65. Re4 Rh3+ 66. Kc4 Rh5 67. Re3 Rh4+ 68. Kb3 Rb4+ 69. Kc3 Rh4 70. Kb3 1/2-1/2

[Event "Kandidatklassen"]
[Site "Koge"]
[Date "2004.04.07"]
[Round "2"]
[White "Korolev, Nikolaj"]
[Black "Mikkelsen, Nikolaj"]
[Result "0-1"]
[WhiteElo "2031"]
[BlackElo "2211"]
[PlyCount "72"]
[EventDate "2004.04.06"]
[EventType "swiss"]
[EventRounds "7"]
[EventCountry "DEN"]

1. e4 c5 2. Nf3 d6 3. d4 cxd4 4. Nxd4 Nf6 5. Nc3 a6 6. f4 Qc7 7. Nf3 e6 8. a4
b6 9. Bd3 Nc6 10. O-O Be7 11. Qe1 O-O 12. Nh4 Nd7 13. f5 Nde5 14. Qg3 Qd8 15.
f6 Bxf6 16. Rxf6 Nxd3 17. Bg5 Nde5 18. Rxf7 Qe8 19. Rxf8+ Qxf8 20. Rf1 Qe8 21.
Bf6 Ra7 22. Nf3 Nxf3+ 23. Rxf3 b5 24. axb5 axb5 25. Nxb5 Ra1+ 26. Kf2 Qd7 27.
Bc3 e5 28. Ke3 Ba6 29. Qf2 Qe7 30. Qe2 d5 31. exd5 Qc5+ 32. Kd2 Bxb5 33. Qe4
Qg1 34. Bxe5 Rd1+ 35. Kc3 Qc5+ 36. Kb3 Bc4+ 0-1

[Event "Kandidatklassen"]
[Site "Koge"]
[Date "2004.04.07"]
[Round "2"]
[White "Rud, Morten Topholm"]
[Black "Smedemark, Henrik"]
[Result "0-1"]
[WhiteElo "2190"]
[BlackElo "2081"]
[PlyCount "82"]
[EventDate "2004.04.06"]
[EventType "swiss"]
[EventRounds "7"]
[EventCountry "DEN"]

1. e4 d6 2. Nc3 Nf6 3. g3 e5 4. Bg2 Be7 5. Nge2 c6 6. d4 Nbd7 7. h3 a6 8. a4 b6
9. f4 Bb7 10. O-O Qc7 11. Be3 O-O 12. Qe1 b5 13. g4 b4 14. Nd1 exd4 15. Nxd4 c5
16. Nf5 Rfe8 17. Nf2 Bf8 18. Ng3 Nxe4 19. Nfxe4 d5 20. Nd2 d4 21. Bxb7 Qxb7 22.
Nc4 dxe3 23. Nf5 Re6 24. Nfxe3 Rae8 25. Qg3 Nf6 26. f5 Rxe3 27. Nxe3 c4 28.
Rae1 Bc5 29. Kh2 Ne4 30. Qf3 Qb8+ 31. Kg2 Nd2 32. Qc6 Bxe3 33. Rf2 Rc8 34.
Qxc8+ Qxc8 35. Rxe3 Qc6+ 36. Kg1 c3 37. bxc3 bxc3 38. Rfe2 g5 39. Re8+ Kg7 40.
Rb8 Qf3 41. f6+ Kh6 0-1

[Event "Kandidatklassen"]
[Site "Koge"]
[Date "2004.04.07"]
[Round "2"]
[White "Aabling Thomsen, Jakob"]
[Black "Pedersen, Jan Nordenbaek"]
[Result "1/2-1/2"]
[WhiteElo "2074"]
[BlackElo "2219"]
[PlyCount "60"]
[EventDate "2004.04.06"]
[EventType "swiss"]
[EventRounds "7"]
[EventCountry "DEN"]

1. c4 Nf6 2. g3 g6 3. Bg2 Bg7 4. Nc3 O-O 5. e4 d6 6. Nge2 Nc6 7. O-O e5 8. h3
Be6 9. d3 Qd7 10. Kh2 Nh5 11. g4 Nf6 12. Ng3 Nd4 13. f4 exf4 14. Bxf4 c6 15.
Qd2 Kh8 16. Bh6 Bxh6 17. Qxh6 Ng8 18. Qf4 f6 19. Rf2 Qe7 20. Nf5 Bxf5 21. exf5
Qe5 22. fxg6 hxg6 23. Raf1 Rad8 24. Kh1 Kg7 25. Qd2 Rde8 26. Rf4 f5 27. Qf2 Ne6
28. Rf3 Nd4 29. Rf4 Ne6 30. Rf3 Nd4 1/2-1/2

[Event "Kandidatklassen"]
[Site "Koge"]
[Date "2004.04.07"]
[Round "2"]
[White "Strange, Mikkel"]
[Black "Hansen, Lars"]
[Result "0-1"]
[WhiteElo "2241"]
[BlackElo "2267"]
[PlyCount "54"]
[EventDate "2004.04.06"]
[EventType "swiss"]
[EventRounds "7"]
[EventCountry "DEN"]

1. e4 g6 2. d4 Bg7 3. Nc3 c6 4. Nf3 d5 5. h3 Nh6 6. exd5 cxd5 7. Bb5+ Nc6 8.
Ne5 Bd7 9. Nxd7 Qxd7 10. g4 O-O 11. Be3 e5 12. dxe5 d4 13. O-O Qe7 14. Bxh6
Bxh6 15. Ne2 Qxe5 16. Bxc6 bxc6 17. Nxd4 c5 18. Nc6 Qc7 19. Qd5 Rac8 20. Ne5
Rcd8 21. Qe4 Rd4 22. Qe2 Re8 23. f4 Bxf4 24. Rxf4 Rxe5 25. Rxf7 Kxf7 26. Rf1+
Kg7 27. Qf3 Qe7 0-1

[Event "Kandidatklassen"]
[Site "Koge"]
[Date "2004.04.07"]
[Round "2"]
[White "Christensen, Bo Garner"]
[Black "Damm, Kasper Wilken"]
[Result "0-1"]
[WhiteElo "2297"]
[BlackElo "2216"]
[PlyCount "124"]
[EventDate "2004.04.06"]
[EventType "swiss"]
[EventRounds "7"]
[EventCountry "DEN"]

1. Nf3 g6 2. c4 Bg7 3. g3 d6 4. Bg2 e5 5. d3 f5 6. Nc3 Nf6 7. Qb3 Nbd7 8. Be3
c6 9. h3 Qe7 10. O-O-O Nc5 11. Qa3 Ne6 12. Na4 Nd7 13. g4 O-O 14. gxf5 Rxf5 15.
h4 Nf4 16. Bxf4 exf4 17. Rde1 b5 18. Nc3 bxc4 19. dxc4 Nc5 20. Ng5 f3 21. Bxf3
Rxf3 22. Nxf3 Bf5 23. e4 Nd3+ 24. Kb1 Bg4 25. Nd2 Rb8 26. Nb3 Nxe1 27. Rxe1 Rf8
28. c5 d5 29. Nc1 d4 30. Na4 Rxf2 31. Qg3 Re2 32. Qb3+ Kh8 33. Qb8+ Bf8 34.
Rxe2 Bxe2 35. Nxe2 Qxe4+ 36. Kc1 Kg7 37. Nf4 Be7 38. Qc7 Kh6 39. b3 Bxh4 40.
Qf7 Qe1+ 41. Kc2 Bg3 42. Ne6 Qe2+ 43. Kc1 Qe3+ 44. Kb2 Be5 45. Qf1 d3+ 46. Ka3
g5 47. Qh1+ Kg6 48. Qxc6 Qc1+ 49. Kb4 Qe1+ 50. Kb5 d2 51. Nd4+ Bf6 52. Nc3 Qe5
53. Nd1 Qxd4 54. Qe8+ Kh6 55. Qe2 Kg7 56. b4 g4 57. Ka4 Qd7+ 58. Ka3 h5 59. Qe4
a5 60. bxa5 Qb5 61. c6 g3 62. Ne3 Bb2# 0-1

[Event "Kandidatklassen"]
[Site "Koge"]
[Date "2004.04.07"]
[Round "2"]
[White "Pedersen, Christian Kyndel"]
[Black "Andreasen, Per Naesby"]
[Result "1/2-1/2"]
[WhiteElo "2343"]
[BlackElo "2266"]
[PlyCount "77"]
[EventDate "2004.04.06"]
[EventType "swiss"]
[EventRounds "7"]
[EventCountry "DEN"]

1. Nf3 d5 2. d4 Nf6 3. c4 e6 4. Nc3 Be7 5. Bg5 O-O 6. e3 Ne4 7. Bxe7 Qxe7 8.
Rc1 Nxc3 9. Rxc3 c6 10. Bd3 Nd7 11. cxd5 exd5 12. Qb1 h6 13. b4 a5 14. a3 axb4
15. axb4 Ra4 16. b5 c5 17. Bh7+ Kh8 18. Bc2 Rb4 19. Rb3 Rxb3 20. Qxb3 c4 21.
Qc3 Nf6 22. O-O Bd7 23. Qa5 Rc8 24. Ra1 Be8 25. Ne5 g6 26. Qb6 Kg7 27. h3 Qc7
28. Qxc7 Rxc7 29. b6 Re7 30. Ra7 Bb5 31. Ra5 Be8 32. Ra7 Bb5 33. Ra5 Be8 34. e4
dxe4 35. Rc5 Re6 36. Nxc4 Bc6 37. Ne5 Bd5 38. Rb5 Rd6 39. Ng4 1/2-1/2

[Event "Kandidatklassen"]
[Site "Koge"]
[Date "2004.04.07"]
[Round "2"]
[White "Glud, Jakob Vang"]
[Black "Lund, Silas"]
[Result "1/2-1/2"]
[WhiteElo "2221"]
[BlackElo "2305"]
[PlyCount "78"]
[EventDate "2004.04.06"]
[EventType "swiss"]
[EventRounds "7"]
[EventCountry "DEN"]

1. e4 e6 2. d4 d5 3. Nd2 Be7 4. Ngf3 Nf6 5. Bd3 c5 6. dxc5 dxe4 7. Nxe4 Nxe4 8.
Bxe4 Qxd1+ 9. Kxd1 Bxc5 10. Ke2 Nd7 11. Be3 Bxe3 12. Kxe3 Nc5 13. Rhd1 Nxe4 14.
Kxe4 Ke7 15. Rd4 Rd8 16. Rad1 Rxd4+ 17. Rxd4 Bd7 18. Ne5 Be8 19. g3 f6 20. Nd3
Rc8 21. c3 g5 22. Ke3 a5 23. Nc1 e5 24. Rd5 b6 25. f4 Bc6 26. Rd2 exf4+ 27.
gxf4 Rd8 28. Rxd8 Kxd8 29. fxg5 fxg5 30. c4 Ke7 31. b3 Ke6 32. a3 h5 33. b4
axb4 34. axb4 h4 35. Nd3 Kf5 36. b5 Ba8 37. c5 bxc5 38. Nxc5 g4 39. Kf2 Kf4
1/2-1/2

[Event "Kandidatklassen"]
[Site "Koge"]
[Date "2004.04.08"]
[Round "3"]
[White "Skjoldan, Benjamin"]
[Black "Strange, Mikkel"]
[Result "1-0"]
[WhiteElo "2025"]
[BlackElo "2241"]
[PlyCount "79"]
[EventDate "2004.04.06"]
[EventType "swiss"]
[EventRounds "7"]
[EventCountry "DEN"]

1. c4 e6 2. d4 d5 3. g3 c5 4. cxd5 exd5 5. Nf3 Nc6 6. Bg2 Nf6 7. O-O Be7 8. Nc3
O-O 9. Bg5 cxd4 10. Nxd4 h6 11. Bf4 Bg4 12. h3 Be6 13. Ncb5 Qd7 14. Kh2 Rad8
15. Rc1 a6 16. Nc3 Rfe8 17. Na4 Nxd4 18. Qxd4 Qb5 19. Bc7 Rc8 20. Nb6 Rxc7 21.
Rxc7 Bd8 22. a4 Qxe2 23. Rxb7 Ne4 24. Nxd5 Nd2 25. Rc1 Nf3+ 26. Bxf3 Qxf3 27.
Rd1 Bg5 28. Rd3 Qe2 29. Nf4 Bxf4 30. gxf4 Bf5 31. Rg3 g6 32. Qa7 Qc4 33. b3 Qd5
34. Rb8 Bc8 35. Re3 Rf8 36. Qc7 Qf5 37. Rc3 Be6 38. Rxf8+ Kxf8 39. Qb8+ Ke7 40.
Qe5 1-0

[Event "Kandidatklassen"]
[Site "Koge"]
[Date "2004.04.08"]
[Round "3"]
[White "Rud, Morten Topholm"]
[Black "Leimand, Peter Martin"]
[Result "0-1"]
[WhiteElo "2190"]
[BlackElo "2074"]
[PlyCount "60"]
[EventDate "2004.04.06"]
[EventType "swiss"]
[EventRounds "7"]
[EventCountry "DEN"]

1. e4 e6 2. d4 d5 3. e5 c5 4. c3 Nc6 5. Nf3 Qb6 6. Bd3 cxd4 7. cxd4 Bd7 8. O-O
Nxd4 9. Ng5 Nc6 10. Re1 g6 11. Qf3 Nd8 12. Nc3 Bg7 13. a4 Ne7 14. a5 Qc7 15.
Bf4 h6 16. Rac1 Qb8 17. Nb5 Bxb5 18. Bxb5+ Kf8 19. Qa3 Bxe5 20. Bd7 Bxf4 21.
Rc8 Bxh2+ 22. Kf1 Qxc8 23. Bxc8 hxg5 24. Rc1 Be5 25. Ke2 Rh4 26. a6 bxa6 27.
Bxa6 Rb8 28. Rc2 Ndc6 29. Rxc6 Rxb2+ 30. Kf3 Rhb4 0-1

[Event "Kandidatklassen"]
[Site "Koge"]
[Date "2004.04.08"]
[Round "3"]
[White "Korolev, Nikolaj"]
[Black "Nielsen, Nicholas Roland"]
[Result "0-1"]
[WhiteElo "2031"]
[BlackElo "2134"]
[PlyCount "76"]
[EventDate "2004.04.06"]
[EventType "swiss"]
[EventRounds "7"]
[EventCountry "DEN"]

1. e4 c5 2. Nf3 Nc6 3. d4 cxd4 4. Nxd4 Nf6 5. Nc3 e5 6. Ndb5 d6 7. Bg5 a6 8.
Na3 b5 9. Bxf6 gxf6 10. Nd5 f5 11. Bd3 Be6 12. O-O Bg7 13. Qh5 f4 14. c4 bxc4
15. Bxc4 O-O 16. Rac1 Ne7 17. Nc7 Bxc4 18. Rxc4 Ra7 19. Rfc1 d5 20. exd5 Nxd5
21. Nxd5 Qxd5 22. Nb1 Rd7 23. b3 Rfd8 24. Nc3 Qd3 25. h3 Qg6 26. Qxg6 hxg6 27.
Ne4 f5 28. Nc5 Rd1+ 29. Kh2 Rxc1 30. Rxc1 Rd2 31. a4 Rxf2 32. Nxa6 e4 33. b4 f3
34. b5 Be5+ 35. Kg1 Rxg2+ 36. Kh1 Rh2+ 37. Kg1 f2+ 38. Kf1 Rh1+ 0-1

[Event "Kandidatklassen"]
[Site "Koge"]
[Date "2004.04.08"]
[Round "3"]
[White "Damm, Kasper Wilken"]
[Black "Hansen, Lars"]
[Result "1-0"]
[WhiteElo "2216"]
[BlackElo "2267"]
[PlyCount "119"]
[EventDate "2004.04.06"]
[EventType "swiss"]
[EventRounds "7"]
[EventCountry "DEN"]

1. e4 g6 2. d4 Bg7 3. c4 c5 4. d5 d6 5. Nc3 Nf6 6. Be2 O-O 7. Nf3 e6 8. O-O Re8
9. Nd2 Na6 10. Re1 Rb8 11. f3 exd5 12. cxd5 Nc7 13. a4 Nh5 14. Nf1 f5 15. Be3
a6 16. Qd2 fxe4 17. Nxe4 Re5 18. Nc3 b5 19. f4 Rxe3 20. Nxe3 Nxf4 21. Bf3 Bd4
22. Rad1 Bb7 23. Kh1 Qf8 24. Nc2 Be5 25. axb5 axb5 26. b4 Qg7 27. Rxe5 Qxe5 28.
Re1 Qf5 29. Ne3 Qd3 30. Qb2 Re8 31. Be4 Rxe4 32. Nxe4 Qxe4 33. bxc5 Bxd5 34.
Qf2 dxc5 35. Nxd5 Qxd5 36. Qxf4 Qf7 37. Qd6 Ne8 38. Qb8 Kf8 39. Qxb5 c4 40.
Qc5+ Kg8 41. Qc8 Kf8 42. h3 h6 43. Qb8 g5 44. Kg1 Qd7 45. Qe5 Kf7 46. Rf1+ Kg8
47. Qe4 Kg7 48. Qxc4 Nf6 49. Qc5 Qe6 50. Kh1 Kg6 51. Qc2+ Kg7 52. Qb2 Kg6 53.
Qb1+ Kg7 54. Re1 Qd6 55. Qb2 Kg6 56. Qc2+ Kg7 57. Rb1 Qd5 58. Rb6 Qf7 59. Rc6
Kg8 60. Rc7 1-0

[Event "Kandidatklassen"]
[Site "Koge"]
[Date "2004.04.08"]
[Round "3"]
[White "Smedemark, Henrik"]
[Black "Christensen, Bo Garner"]
[Result "0-1"]
[WhiteElo "2081"]
[BlackElo "2297"]
[PlyCount "66"]
[EventDate "2004.04.06"]
[EventType "swiss"]
[EventRounds "7"]
[EventCountry "DEN"]

1. d4 Nf6 2. c4 c5 3. d5 e6 4. Nc3 exd5 5. cxd5 d6 6. e4 g6 7. Bd3 Bg7 8. Qc2
O-O 9. f4 Re8 10. Nge2 Na6 11. Bxa6 bxa6 12. O-O Rb8 13. Bd2 Nxe4 14. Nxe4 Bf5
15. Bc3 Bxe4 16. Qd2 Qb6 17. Rf2 c4 18. Bxg7 Kxg7 19. Ng3 Bd3 20. f5 Qe3 21.
Qc3+ Re5 22. fxg6 hxg6 23. Nf1 Qc5 24. Re1 f6 25. h3 Rbe8 26. Ne3 Kg8 27. Ng4
Rxe1+ 28. Kh2 R8e5 29. Rxf6 Qg1+ 30. Kg3 R1e3+ 31. Nxe3 Rxe3+ 32. Kh4 g5+ 33.
Kh5 Be2+ 0-1